Komparatívna analýza ekonomiky Moldavskej republiky (vybrané ekonomické ukazovatele)
Osobitosti štátov s prechodnou ekonomikou. Moldavská republika vo svetovom hospodárstve. Komparatívna analýza Moldavskej republiky podľa vybraných ukazovateľov: HDP, index ekonomickej slobody a index ľudského rozvoja.
Salvato in:
| Autore principale: | |
|---|---|
| Natura: | Capitolo di libro |
| Lingua: | slovacco |
| Soggetti: | |
| Tags: |
Nessun Tag, puoi essere il primo ad aggiungerne!!
|
MARC
| LEADER | 00000naa a2200000 4500 | ||
|---|---|---|---|
| 001 | 0167122 | ||
| 005 | 20240502072919.1 | ||
| 041 | 0 | |a slo | |
| 044 | |a SK | ||
| 245 | 1 | 0 | |a Komparatívna analýza ekonomiky Moldavskej republiky (vybrané ekonomické ukazovatele) |c Leonid Raneta |
| 520 | |a Osobitosti štátov s prechodnou ekonomikou. Moldavská republika vo svetovom hospodárstve. Komparatívna analýza Moldavskej republiky podľa vybraných ukazovateľov: HDP, index ekonomickej slobody a index ľudského rozvoja. | ||
| 610 | 2 | 0 | |a Moldavsko |
| 610 | 2 | 0 | |a analýza komparatívna |
| 610 | 2 | 0 | |a ukazovatele ekonomické |
| 610 | 2 | 0 | |a vzťahy medzinárodné |
| 610 | 2 | 0 | |a vývoj hospodársky |
| 100 | 1 | |a Raneta, Leonid, 1982- | |